000 00698nam a2200289Ia 4500
005 20260324121900.0
008 008 260324s9999 xx 000 0 eng d
020 _a9780203506110
037 _aEBOOK
040 _aCRL
040 _beng
040 _cCRL
041 _2eng
041 _aeng
084 _qCRL
100 _aPatricia Keith-Spiegel
_91164249
245 0 _aRed Flags in Psychotherapy
245 0 _bStories of Ethics Complaints and Resolutions
260 _bTaylor and Francis
260 _c2013
365 _a
365 _b265
856 _uhttp://www.taylorfrancis.com/books/9780203506110
942 _cEBOOK
999 _c1756618
_d1756618